Province della Toscana per Popolazione - Statistics

Statistiche generali
  • Questo quiz è stato fatto 34 volte
  • Il punteggio medio è 9 su 10
Statistiche sulle risposte
Popolazione (ab.) Provincia o Città metropolitana % Corretto
1 012 407 CIttà metropolitana di Firenze
100%
4719 037 Provincia di Pisa
100%
342 654 Provincia di Arezzo
90%
387 876 Provincia di Lucca
90%
334 832 Provincia di Livorno
87%
194 878 Provincia di Massa-Carrara
83%
257 716 Provincia di Prato
83%
267 197 Provincia di Siena
83%
221 629 Provincia di Grosseto
77%
292 473 Provincia di Pistoia
77%
Nessun quiz corrispondente trovato
Distribuzione punteggi
Percentuale di utenti per punteggio
Percentile per numero di risposta
I tuoi punteggi nel tempo
Non hai fatto questo quiz